000
00310nam a2200133Ia 4500
100
_a
Braun/ Martin
942
_c
BK
654
_a
equations
245
_a
Differential equations & other applications
260
_b
Narosa publishing house
_a
New Delhi
_c
1995
300
_a
319
546
_a
ENGLISH
999
_c
35666
_d
35666